000
00298nam a22001217a 4500
003
SGT
082
_a
617.7
_b
T16M
100
_a
MATTHEWS, ANNETTC M.
245
_a
TREATING COMORBID OPIOID USE DISORDER IN CHRONIC PAIN
260
_a
SWITZERLAND
_b
SPRINGER
_c
2016
300
_a
237
942
_2
ddc
_c
BK
999
_c
14857
_d
14857